000 00446nam a2200145Ia 4500
008 231129s2000||||xx |||||||||||||| ||spa||
020 _a958-8052-55-6
040 _bspa
082 _a(i) Co862.44 A674t
100 _aArciniegas Triunfo
245 0 _aTorcuato es un leon viejo: comedia de estornudo con poema ajeno en cuatro actos
260 _c2000
264 _aMinisterio de Cultura
942 _2ddc
_cBKS
999 _c25516
_d25516